[Event "AUTO-OPEN-1170"]
[Site "http://www.queenalice.com/game.php?id=421139"]
[Date "2008.6.21"]
[Round "1"]
[White "Sammy75"]
[Black "jmsteinfeld"]
[Result "1-0"]
[WhiteElo "1952"]
[BlackElo "1730"]

1. e4 Nf6 2. e5 Nd5 3. d4 d6 4. Nf3 dxe5 5. Nxe5 f6 6. Qh5+ g6 7. Nxg6 hxg6 8.
Qxh8 Nc6 9. Bh6 Kd7 10. Bb5 a6 11. Bxc6+ Kxc6 12. Nd2 Bf5 13. O-O Bxh6 14. Qxh6
Bxc2 15. Rac1 Nb4 16. a3 Nd5 17. Rxc2+ Kb6 18. Qxg6 Qg8 19. Qxg8 Rxg8 20. Re1 c6
21. Nb3 Rg7 22. Nc5 Nf4 23. g3 Nh3+ 24. Kf1 Ng5 25. Ne6 Nxe6 26. Rxe6 Kc7 27. d5
Kd7 28. dxc6+ Kxe6 29. c7 1-0

[Event "AUTO-OPEN-1170"]
[Site "http://www.queenalice.com/game.php?id=421140"]
[Date "2008.6.21"]
[Round "1"]
[White "jmsteinfeld"]
[Black "Sammy75"]
[Result "0-1"]
[WhiteElo "1913"]
[BlackElo "1870"]

1. e4 e5 2. Bc4 Nf6 3. d3 Nc6 4. Bg5 Be7 5. Bxf6 Bxf6 6. Qh5 O-O 7. Nf3 g6 8.
Qh6 Bg7 9. Qe3 Nb4 10. Bb3 d5 11. a3 dxe4 12. Qxe4 Nc6 13. O-O Re8 14. Nc3 Nd4
15. Qh4 Nxf3+ 16. gxf3 Qxh4 17. Nd5 Bh3 18. Nxc7 Qg5+ 0-1

[Event "AUTO-OPEN-1170"]
[Site "http://www.queenalice.com/game.php?id=421141"]
[Date "2008.6.21"]
[Round "1"]
[White "Sammy75"]
[Black "drowzee1872"]
[Result "1-0"]
[WhiteElo "1671"]
[BlackElo "1588"]

1. e4 d5 2. exd5 Qxd5 3. Nc3 Qd6 4. d4 Nf6 5. Nf3 Bg4 6. h3 Bxf3 7. Qxf3 Nc6 8.
Nb5 Qb4+ 9. Bd2 Qxb2 10. Bc3 Qxc2 11. Bd3 Qa4 12. Nxc7+ Kd8 13. Nxa8 Nxd4 14.
Qxb7 Nd7 15. Qc7+ Ke8 16. Qc8# 1-0

[Event "AUTO-OPEN-1170"]
[Site "http://www.queenalice.com/game.php?id=421142"]
[Date "2008.6.21"]
[Round "1"]
[White "drowzee1872"]
[Black "Sammy75"]
[Result "0-1"]
[WhiteElo "1576"]
[BlackElo "1844"]

1. e4 e5 2. Nf3 Nc6 3. d4 exd4 4. Bc4 Nf6 5. Bg5 Be7 6. e5 Ng4 7. Nxd4 Ngxe5 8.
Nxc6 bxc6 9. Bxe7 Qxe7 10. Be2 Qb4+ 11. Nd2 Qxb2 12. O-O O-O 13. Ne4 d6 14. f4
Bf5 15. fxe5 Bxe4 16. Bd3 Bxd3 17. Qxd3 Qxe5 18. Rae1 Qc5+ 19. Rf2 Rfe8 20.
Rxe8+ Rxe8 21. Kf1 Qe5 22. Qd2 Qa1+ 0-1

[Event "AUTO-OPEN-1170"]
[Site "http://www.queenalice.com/game.php?id=421143"]
[Date "2008.6.21"]
[Round "1"]
[White "Sammy75"]
[Black "lafasouza"]
[Result "1-0"]
[WhiteElo "1777"]
[BlackElo "1643"]

1. e4 d6 2. d4 Nc6 3. Nc3 e5 4. Nf3 Be7 5. Bb5 exd4 6. Nxd4 Bd7 7. Nxc6 a6 8.
Nxd8 Bxd8 9. Bxd7+ Kxd7 10. Qg4+ f5 11. Qxg7+ Be7 12. Qxh8 Bf6 13. Qxh7+ Kc6 14.
Qxf5 Re8 15. O-O Re5 16. Qg6 Rc5 17. Qxg8 Bxc3 18. bxc3 Rxc3 19. Qd5+ Kb6 20.
Be3+ c5 21. Qxd6+ Ka7 22. Bxc5+ b6 23. Qxb6+ Ka8 24. Qa7# 1-0

[Event "Challenge"]
[Site "http://www.queenalice.com/game.php?id=427889"]
[Date "2008.7.5"]
[Round "-"]
[White "Kuroi"]
[Black "Sammy75"]
[Result "0-1"]
[WhiteElo "1599"]
[BlackElo "1944"]

1. e4 e5 2. Nf3 Nc6 3. h4 Bc5 4. g4 Nf6 5. d3 Nxg4 6. d4 Nxd4 7. Rg1 Qf6 8. Bg5
Nxf3+ 9. Ke2 Nxg1+ 10. Kd2 Qxf2+ 11. Kc3 Qd4+ 12. Qxd4 Bxd4+ 13. Kb3 Nf3 14. Bc1
d6 15. Be2 Be6+ 16. c4 Nxh4 17. Nd2 O-O 18. Nf1 b5 19. Nd2 Ne3 20. Nf1 bxc4+ 21.
Ka3 Nc2+ 22. Ka4 Bd7+ 23. Ka5 Bb6+ 24. Ka6 Nb4+ 25. Kb7 Bc6# 0-1

[Event "Challenge"]
[Site "http://www.queenalice.com/game.php?id=438064"]
[Date "2008.7.24"]
[Round "-"]
[White "Sammy75"]
[Black "attachui"]
[Result "0-1"]
[WhiteElo "1974"]
[BlackElo "1938"]

1. e4 c5 2. Nc3 Nf6 3. e5 Ng8 4. Nf3 d5 5. d4 cxd4 6. Nxd4 e6 7. Bb5+ Bd7 8. O-O
a6 9. Bxd7+ Nxd7 10. f4 Bc5 11. Be3 Ne7 12. Qd3 O-O 13. Rf3 Bxd4 14. Bxd4 Rc8
15. Ne2 Nf5 16. Rh3 h6 17. Ng3 Nxd4 18. Qxd4 Rxc2 19. f5 Qg5 20. Rf1 exf5 21.
Rh5 Qd2 22. Qxd2 Rxd2 23. Rhxf5 g6 24. R5f2 Rxf2 25. Rxf2 Nxe5 26. Rd2 Rd8 27.
Ne4 d4 28. b3 f5 29. Nc5 Rc8 30. Nxb7 d3 31. Kf2 f4 32. Nd6 Rc2 33. Ne4 g5 34.
Ke1 Rc1+ 35. Rd1 Rc6 36. Nd2 Ng4 37. Nc4 Re6+ 38. Kf1 Nxh2+ 39. Kf2 g4 40. Rxd3
g3+ 0-1

[Event "Challenge"]
[Site "http://www.queenalice.com/game.php?id=462641"]
[Date "2008.9.13"]
[Round "-"]
[White "Claudemir"]
[Black "Sammy75"]
[Result "1/2-1/2"]
[WhiteElo "2070"]
[BlackElo "1965"]

1. e4 e5 2. Nf3 Nc6 3. Bb5 a6 4. Ba4 Nf6 5. O-O b5 6. Bb3 Bc5 7. c3 Nxe4 8. d4
exd4 9. cxd4 Be7 10. d5 Na7 11. d6 Nxd6 12. Ne5 O-O 13. Qf3 Bb7 14. Qg4 Ne4 15.
Bh6 Bg5 16. Bxg5 Qxg5 17. Qxg5 Nxg5 18. Nxd7 Rfe8 19. Nc3 Rad8 20. Nc5 Bc8 21.
Rfe1 Nc6 22. Nd5 Rxe1+ 23. Rxe1 Ne6 24. Nxe6 Bxe6 25. Nxc7 Bxb3 26. axb3 Nb4 27.
f3 h6 28. Kf1 Rd2 29. Re4 a5 30. Nxb5 Rxb2 31. Re3 Kf8 32. Nd6 g6 33. Nc4 Ra2
34. h3 1/2-1/2

[Event "Challenge"]
[Site "http://www.queenalice.com/game.php?id=462853"]
[Date "2008.9.14"]
[Round "-"]
[White "bruno_borges"]
[Black "Sammy75"]
[Result "0-1"]
[WhiteElo "1940"]
[BlackElo "1926"]

1. e4 e5 2. Nf3 Nc6 3. Bb5 a6 4. Ba4 Nf6 5. O-O b5 6. Bb3 Bc5 7. a4 Bb7 8. d3 h6
9. Nc3 b4 10. Nd5 O-O 11. Be3 Bxe3 12. fxe3 a5 13. Nd2 Ne8 14. Qh5 d6 15. Rf3
Qg5 16. Qxg5 hxg5 17. Rg3 Nf6 18. Rxg5 Nxd5 19. Bxd5 Nd8 20. Bc4 Ne6 21. Rf5 c6
22. Raf1 d5 23. exd5 cxd5 24. Bb3 f6 25. Nf3 g6 0-1

[Event "Challenge"]
[Site "http://www.queenalice.com/game.php?id=462854"]
[Date "2008.9.14"]
[Round "-"]
[White "Sammy75"]
[Black "bruno_borges"]
[Result "1/2-1/2"]
[WhiteElo "1988"]
[BlackElo "1948"]

1. e4 e5 2. Nf3 Nc6 3. Bb5 a6 4. Ba4 Nf6 5. O-O Nxe4 6. d4 b5 7. Bb3 d5 8. Nxe5
Nxe5 9. dxe5 Be6 10. Nd2 Nxd2 11. Bxd2 c5 12. c3 Be7 13. Re1 O-O 14. a4 Qd7 15.
f4 Bf5 16. Be3 Be4 17. Bc2 Bxc2 18. Qxc2 Qc6 19. f5 c4 20. f6 gxf6 21. Bh6 Rfe8
22. Qf5 Bf8 23. Bxf8 Rxf8 24. exf6 Kh8 25. Re3 Rg8 26. Re7 Raf8 27. axb5 Qxb5
28. Qc2 Rg6 29. Rf1 Qb6+ 30. Qf2 Rxf6 31. Qxb6 Rxb6 32. Rd7 Rxb2 33. Rxd5 Rb5
34. Rd6 a5 35. Rc6 f5 36. Rxc4 Kg7 37. g3 Kg6 38. Ra4 Rc8 1/2-1/2

[Event "Challenge"]
[Site "http://www.queenalice.com/game.php?id=495093"]
[Date "2008.11.18"]
[Round "-"]
[White "Sammy75"]
[Black "no_master"]
[Result "0-1"]
[WhiteElo "1985"]
[BlackElo "2113"]

1. e4 e6 2. Nf3 d5 3. Nc3 dxe4 4. Nxe4 Nf6 5. Nxf6+ gxf6 6. d4 Nc6 7. Bf4 Bd6 8.
Qd2 Rg8 9. g3 Rg4 10. Be3 Bd7 11. Bg2 Qe7 12. O-O O-O-O 13. a3 f5 14. h3 Rg6 15.
c4 Rdg8 16. c5 f4 17. Bxf4 Bxf4 18. Qxf4 f6 19. b4 a6 20. Qd2 Qg7 21. a4 Qh6 22.
Qc3 e5 23. d5 Ne7 24. d6 Nd5 25. Qc4 Ne3 26. fxe3 Rxg3 27. Ra2 Bxh3 28. Rff2
Qxe3 29. Re2 Rxg2+ 0-1

[Event "AUTO-OPEN-1170"]
[Site "http://www.queenalice.com/game.php?id=497034"]
[Date "2008.11.22"]
[Round "2"]
[White "Sammy75"]
[Black "Jane"]
[Result "1-0"]
[WhiteElo "2002"]
[BlackElo "1602"]

1. e4 e5 2. Nf3 Nc6 3. Bb5 Nf6 4. O-O Nxe4 5. d4 exd4 6. Re1 d5 7. Nxd4 Bd7 8.
Nxc6 Bxc6 9. Bxc6+ bxc6 10. f3 Qd6 11. fxe4 dxe4 12. Qxd6 cxd6 13. Rxe4+ Be7 14.
Nc3 d5 15. Re2 a6 16. Bg5 f6 17. Rae1 Ra7 18. Be3 Rd7 19. Bc5 Kf7 20. Rxe7+ Rxe7
21. Rxe7+ Kg6 22. Rc7 Re8 23. Kf2 Re5 24. Rxc6 Rf5+ 25. Ke1 Re5+ 26. Kd2 a5 27.
Rc7 Rh5 28. Bf8 Rxh2 29. Rxg7+ Kh6 30. Nxd5 Rh5 31. Rg3# 1-0

[Event "AUTO-OPEN-1170"]
[Site "http://www.queenalice.com/game.php?id=497035"]
[Date "2008.11.22"]
[Round "2"]
[White "Jane"]
[Black "Sammy75"]
[Result "0-1"]
[WhiteElo "1777"]
[BlackElo "2002"]

1. e4 e5 2. Nf3 Nc6 3. Bb5 Bc5 4. Bxc6 dxc6 5. Nxe5 Qd4 6. Nd3 Qxe4+ 7. Qe2
Qxe2+ 8. Kxe2 Bd6 9. b3 Ne7 10. Bb2 O-O 11. g3 Bf5 12. Re1 Rfe8 13. Kf1 Ng6 14.
Rxe8+ Rxe8 15. Na3 Bh3+ 16. Kg1 h5 17. Nc4 h4 18. Bd4 hxg3 19. hxg3 b6 20. Nxd6
cxd6 21. f3 Re2 22. Bc3 Rg2+ 23. Kh1 Rxg3 24. Rg1 Rxf3 25. Ne1 Rf1 26. Rxf1 Bxf1
27. d3 Ne5 28. Bxe5 dxe5 29. Nf3 f6 30. Kg1 Be2 31. Nd2 Kf7 32. Kf2 Bg4 33. Ne4
Ke6 34. Kg3 f5 35. Ng5+ Kd5 36. Kf2 g6 37. Ke3 f4+ 38. Kf2 Kd4 39. Ne4 Bd1 40.
c3+ Kxd3 41. Nd6 e4 42. c4 e3+ 43. Ke1 Bg4 44. Nf7 Kc2 45. Ne5 Bh5 46. Nxc6 f3
47. Nxa7 f2+ 48. Kf1 Kd2 49. Nc6 Be2+ 50. Kg2 f1=Q+ 51. Kg3 Qf3+ 52. Kh2 Qxc6
53. Kg3 Qf3+ 54. Kh2 Bf1 55. c5 Qg2# 0-1

[Event "Challenge"]
[Site "http://www.queenalice.com/game.php?id=497945"]
[Date "2008.11.25"]
[Round "-"]
[White "bugeyewrx"]
[Black "Sammy75"]
[Result "0-1"]
[WhiteElo "2041"]
[BlackElo "1972"]

1. Nf3 Nf6 2. d4 e6 3. c4 b6 4. a3 Bb7 5. Nc3 d5 6. cxd5 Nxd5 7. Qc2 Nxc3 8.
bxc3 c5 9. e4 Nd7 10. Bf4 cxd4 11. cxd4 Rc8 12. Qb1 Be7 13. Bd3 O-O 14. O-O Nf6
15. Bg5 h6 16. Bh4 Rc3 17. e5 Nd5 18. Bxe7 Qxe7 19. a4 Rfc8 20. Be4 Qc7 21. Qb2
Nf4 22. Bxb7 Qxb7 23. Rfc1 Rxc1+ 24. Rxc1 Rxc1+ 25. Qxc1 Ne2+ 0-1

[Event "Challenge"]
[Site "http://www.queenalice.com/game.php?id=543956"]
[Date "2009.2.21"]
[Round "-"]
[White "ZUMBI"]
[Black "Sammy75"]
[Result "0-1"]
[WhiteElo "1896"]
[BlackElo "2011"]

1. e4 e5 2. Nf3 Nc6 3. Nc3 f5 4. Bb5 fxe4 5. Nxe4 Nf6 6. d3 d5 7. Neg5 h6 8.
Bxc6+ bxc6 9. Nxe5 hxg5 10. Bxg5 Qd6 11. d4 Ba6 12. a3 O-O-O 13. Nf7 Qe6+ 14.
Ne5 Bd6 15. f4 Bxe5 16. dxe5 Rdf8 17. Qd4 Qg4 18. exf6 Qe2# 0-1

[Event "Challenge"]
[Site "http://www.queenalice.com/game.php?id=543957"]
[Date "2009.2.21"]
[Round "-"]
[White "Sammy75"]
[Black "ZUMBI"]
[Result "1-0"]
[WhiteElo "2026"]
[BlackElo "1896"]

1. e4 d5 2. exd5 Qxd5 3. Nc3 Qa5 4. d4 e5 5. Nf3 Bg4 6. Be2 Nc6 7. O-O O-O-O 8.
Nxe5 Nxe5 9. Bxg4+ Nxg4 10. Qxg4+ f5 11. Qh4 Be7 12. Bg5 h6 13. Bxe7 Re8 14.
Rfe1 g5 15. Bxg5 Re6 16. Rxe6 h5 17. Re8+ Kd7 18. Rd8+ Kc6 19. d5+ Kc5 20. Be3#
1-0

[Event "AUTO-OPEN-1170"]
[Site "http://www.queenalice.com/game.php?id=560943"]
[Date "2009.3.24"]
[Round "3"]
[White "Sammy75"]
[Black "tiaokarreirov"]
[Result "0-1"]
[WhiteElo "2063"]
[BlackElo "2130"]

1. e4 c5 2. Nc3 Nc6 3. f4 e6 4. Nf3 Be7 5. Bb5 Nf6 6. Bxc6 dxc6 7. d3 O-O 8. O-O
Qc7 9. Qe1 b5 10. Be3 Ng4 11. Bd2 f5 12. e5 Rd8 13. Ne2 b4 14. h3 Nh6 15. d4 Ba6
16. dxc5 Bxc5+ 17. Kh2 Qf7 18. Ng3 Bxf1 19. Qxf1 Qe7 20. Qc4 a5 21. c3 Rd5 22.
b3 Rad8 23. Qe2 Ng4+ 24. Kh1 Nf2+ 25. Kh2 Ne4 0-1

[Event "AUTO-OPEN-1170"]
[Site "http://www.queenalice.com/game.php?id=560944"]
[Date "2009.3.24"]
[Round "3"]
[White "tiaokarreirov"]
[Black "Sammy75"]
[Result "0-1"]
[WhiteElo "2140"]
[BlackElo "2048"]

1. d4 Nf6 2. c4 e6 3. Nc3 Bb4 4. Qc2 O-O 5. a3 Bxc3+ 6. Qxc3 b6 7. Bg5 Bb7 8.
Nf3 d6 9. e3 Nbd7 10. Bd3 c5 11. O-O Rc8 12. Nd2 h6 13. Bh4 Qc7 14. f3 d5 15.
Bg3 Qc6 16. b4 cxd4 17. Qxd4 e5 18. Bxe5 Nxe5 19. Qxe5 dxc4 20. Nxc4 Ba6 21.
Rfc1 Qd5 22. Qxd5 Nxd5 23. Nxb6 Rxc1+ 24. Rxc1 Bxd3 25. Nxd5 f5 0-1